Yleistieto - Tyynimeri - Statistics

Yleistilastot
  • Tätä visaa on pelattu 403 kertaa
  • Keskiarvotulos 11 / 20
Vastaustilastot
Kysymys Vastaus % Oikein
Mikä on maailman merien syvin alue? {Mariaanien} hauta
90%
Mitkä kolme merkittävää Oseanian aluetta päättyvät kirjaimiin "nesia"? {Mikro}nesia
79%
Mikä Tyynenmeren valtioista on väkiluvultaan pienin? Nauru
72%
Mikä myös nimellä Rapa Nui tunnettu saari tunnetaan suurista kivipatsaistaan? Pääsiäissaari
72%
Mitkä kolme merkittävää Oseanian aluetta päättyvät kirjaimiin "nesia"? {Poly}nesia
67%
Mikä valtio hallitsee Seurasaaria, joihin kuuluvat muun muassa Tahiti ja Bora Bora? Ranska
65%
Mikä Tyynenmeren rannalla sijaitsevista valtioista tulee aakkosjärjestyksessä viimeisenä? Yhdysvallat
65%
Mikä valtio hallitsee yllä olevaa saarta? Chile
62%
Mikä on suurin Jangtsen suistossa sijaitseva kaupunki? Shanghai
62%
Mikä on väkirikkain Venäjälle kuuluva kaupunki, joka sijaitsee Tyynenmeren rannalla? Vladivostok
60%
Mikä Tyynenmereen kuuluva meri rajautuu kymmeneen eri valtioon, joista Kiina havittelee omakseen lähes koko merta? Etelä-Kiinan meri
50%
Mikä Tyyntämerta ympäröivä alue vastaa 90 prosentista maailman maanjäristyksistä? Tyynenmeren {tuli}rengas
50%
Mikä merkittävä Meksikolle kuuluva niemimaa työntyy Tyyneenmereen? {Kalifornian} niemimaa
42%
Mikä alankomaalaisen tutkimusmatkailijan mukaan nimetty meri sijaitsee Australian ja Uuden-Seelannin välissä? Tasmaninmeri
41%
Mikä Japanille kuuluva saari oli toisen maaimansodan verisimmän Tyynellämerellä käydyn taistelun tapahtumapaikka? Okinawa
39%
Mitkä kolme merkittävää Oseanian aluetta päättyvät kirjaimiin "nesia"? {Mela}nesia
38%
Mikä Havaijilla sijaitseva tulivuori on maailman korkein vuori, jos sen korkeuteen lasketaan myös merenpinnan alapuolella oleva osa? Mauna Kea
34%
Mikä on suurin Tyynellämerellä sijaitseva saari? Uusi-Guinea
33%
Mikä Alaskassa sijaitseva saariketju on yli 1900 kilometrin mittainen? Aleutit
27%
Mikä nollameridiaanin vastakohtana pidetty linja kulkee noin 180. pituuspiiriä pitkin? Päivämääräraja
27%
Ehtoja vastaavia visoja ei löytynyt
Tulosjakauma
Jokaisen tuloksen saaneiden osuus
Persentiili vastausten määrän mukaan
Tuloshistoriasi
Et ole pelannut tätä visaa